Lanares : cuaderno de actualización técnica nº 51/ ruben p arosteguy

Guardado en:
Autor Principal: Arosteguy, Ruben P.
Formato: Libro
Publicado: Buenos Aires : Aacrea, 1992
Materias:
Etiquetas: Agregar Etiqueta
Sin Etiquetas, Sea el primero en etiquetar este registro!
LEADER 00872nam a22002175a 4500
001 CEM.cems016820
005 20111108105045.0
008 130507s1992##################000#0#####d
003 CEMS
082 0 4 |a 636.3 
100 1 |a Arosteguy, Ruben P. 
245 1 0 |a Lanares :  |b cuaderno de actualización técnica nº 51/ ruben p arosteguy 
260 |a Buenos Aires :  |b Aacrea,  |c 1992 
300 |a 116 p. 
505 0 |a Breve referencia histórica del ganado vino -- Producción ovina en la Argentina -- Análisis económico -- Manejo -- Selección genética -- Manejo reproductivo -- Lana -- Producción de carne -- Etología -- producción lechera -- Cueros -- El perro ojevero 
653 |a Ovinos 
653 |a Lanares 
653 |a Ovinos-reproducción 
653 |a Ovinos-lana 
653 |a Ovinos-cuero 
859 |a CEMS  |b BIB. CEMS - Agricultura  |h 636.3  |i Ar67  |p A18247.95  |t Ej.1  |v 1  |3 Vol. 1